История России #37: Поздний сталинизим - Statistics

General Stats
  • This quiz has been taken 18 times
  • The average score is 20 of 41
Answer Stats
Вопрос Ответ % Correct
Ученый создавший водородную бомбу А.Д. Сахаров
85%
Создание КНР 1949
85%
Первый лидер КНДР Ким Ир Сен
77%
Создание атомной бомбы 1949
77%
Куратор создания атомной бомбы Л.П. Берия
69%
Ученый создавший ядерную бомбу И.В. Курчатов
69%
Образование НАТО, СЭВ 1949
69%
Создание ОВД 1955
69%
Сталинская денежная реформа 1947
62%
Дело врачей 1953
62%
Создание водородной бомбы 1953
62%
Расшифровка ОВД Организация Варшавского договора
62%
Автор постановления оргбюроЦК ВКП(б) «О журналах „Звезда“ и „Ленинград“» А.А. Жданов
54%
Цель четвертой пятилетки Восстановление
54%
На каком съезде ВКП(б) переименовали в КПСС? (цифра) 19
54%
Упразднение ГКО, отмена чрезвычайного положения 1945
54%
Переименование наркоматов в министерства 1946
54%
Постановление оргбюро ЦК ВКП(б) «О журналах „Звезда“ и „Ленинград“» 1946
54%
Постановление ЦК ВКП(б) «О декадентских тенденциях в советской музыке» 1948
54%
Дата образования КНДР 1948
54%
Корейская война 1950-1953
54%
Дата XIX съезда ВКП(б) 1952
54%
По какой параллелиразделили Кореи? 38
54%
СЭВ это Совет экономической взаимопомощи
54%
Событие, которому приписывают начало холодной войны Фултонская речь
46%
Первый лидер КНР Мао Цзэдун
46%
Дело врачей 1952
46%
Смерть Сталина (с точностью до дня) 05.03.1953
38%
В каком соотношении обменивались деньги в ходе денежной реформы Сталина? 1:10
38%
Люди репрессированные по постановлению «О журналах
„Звезда“ и „Ленинград“»
М.М. Зощенко,А.А. Ахматова
38%
Какие музыканты и композиторы подверглись критике после постановления «О декадентских тенденциях в советской музыке»? С. С. Прокофьев, Д. Д. Шостакович, А. И. Хачатурян,
Н. Я. Мясковский,
Г. Н. Попов, В. Я. Шебалин
38%
Председатель Госплана подготовивший
послевоенную пятилетку
Н.А. Вознесенский
31%
Четвертая пятилетка 1946-1950
31%
Образование Коминформюро 1947
31%
НАТО это Организация Североатлантического
договора
31%
Из-за чей смерти началось дело врачей? А.А. Жданова
23%
Фултонская речь (месяц, год) март 1946
23%
Что было создано вместо Политбюро ЦК? Президиум ЦК и его Бюро
23%
Куратор создания водородной бомбы Г.М. Маленков
15%
Начало ареста членов Еврейского антифашистского комитета С. А. Лозовский, И. С. Фефер
0%
Люди репрессированные по Ленинградскому делу А.А. Кузнецов, Н.А. Вознесенский,
М.М. Родионов
0%
No matching quizzes found
Score Distribution
Percent of People with Each Score
Percentile by Number Answered
Your Score History
You have not taken this quiz